Geography Quiz

Random Geography or Flags Quiz
Score 0/25 Timer 06:00
0 Plays Today
Hint Answer % Correct
European countryPoland
86.1%
North American countryCanada
81%
Asian countryJapan
77.8%
European /Asian countryTurkey
74.7%
European countryMonaco
74.4%
European countryAustria
73.6%
European countryDenmark
73%
European countrySwitzerland
71%
European countryMalta
68.2%
Asian countryIndonesia
68.2%
OrganisationSovereign Military Order of Malta
68.2%
South American CountryPeru
66.2%
Asian countrySingapore
54.8%
Hint Answer % Correct
European countryLatvia
53.7%
Asian countryGeorgia
48.9%
Oceanian CountryTonga
47.7%
African CountryTunisia
46.6%
Part of an European IslandEngland
46%
Asian countryBahrain
45.7%
Asian countryQatar
39.8%
OrganisationRed Cross
35.8%
European IslandGreenland
28.4%
Territory of an Asian countryHong Kong
26.4%
State of the USAAlabama
20.2%
Part of an European IslandTurkish Republic of Northern Cyprus
13.6%

You're not logged in!

Compare scores with friends on all Sporcle quizzes.
OR
Log In

Sporcle TV

Today on Sporcle TV


Watch our educational content, quiz creation guides, and fun videos on Sporcle TV.

Show Comments

Extras

Created Oct 6, 2009ReportNominate
Tags:Flags Quiz, Red, white

Top Quizzes Today


Score Distribution

Paid Content

Your Account Isn't Verified!

In order to create a playlist on Sporcle, you need to verify the email address you used during registration. Go to your Sporcle Settings to finish the process.

Report this User

Report this user for behavior that violates our Community Guidelines.

Details: